បក្សីណាយធីងហ្គល : (Record no. 9263)
[ view plain ]
| 000 -LEADER | |
|---|---|
| fixed length control field | 02631nam a22003137a 4500 |
| 001 - CONTROL NUMBER | |
| control field | 9263 |
| 003 - CONTROL NUMBER IDENTIFIER | |
| control field | FISKH |
| 005 - DATE AND TIME OF LATEST TRANSACTION | |
| control field | 20251208141426.0 |
| 008 - FIXED-LENGTH DATA ELEMENTS--GENERAL INFORMATION | |
| fixed length control field | 251208b cb ||||| |||| 00| 0 eng d |
| 020 ## - INTERNATIONAL STANDARD BOOK NUMBER | |
| International Standard Book Number | 9789995094195 |
| 040 ## - CATALOGING SOURCE | |
| Original cataloging agency | FISKH |
| Language of cataloging | khr |
| Transcribing agency | FISKH |
| Modifying agency | FISKH |
| 050 ## - LIBRARY OF CONGRESS CALL NUMBER | |
| Classification number | PZ7 |
| 082 ## - DEWEY DECIMAL CLASSIFICATION NUMBER | |
| Classification number | 398.2 |
| 100 ## - MAIN ENTRY--PERSONAL NAME | |
| Personal name | Anderson, Hans Christian |
| 245 ## - TITLE STATEMENT | |
| Title | បក្សីណាយធីងហ្គល : |
| Remainder of title | The nightingale / |
| Statement of responsibility, etc. | និពន្ធដោយ Hans Christian Anderson , កែសម្រួលដោយ លឹម សន្តិភាព និង គឹមស៊ុន សុធារី |
| 260 ## - PUBLICATION, DISTRIBUTION, ETC. | |
| Place of publication, distribution, etc. | ភ្នំពេញ : |
| Name of publisher, distributor, etc. | Reading Books , |
| Date of publication, distribution, etc. | 2008. |
| 300 ## - PHYSICAL DESCRIPTION | |
| Extent | 32 pages : |
| Other physical details | color illustrations ; |
| Dimensions | 25 cm . |
| 490 ## - SERIES STATEMENT | |
| Series statement | ពិភពរឿងនិទាន |
| 505 ## - FORMATTED CONTENTS NOTE | |
| Formatted contents note | N <br/> |
| 520 ## - SUMMARY, ETC. | |
| Summary, etc. | ព្រះមហាក្សត្រចិនបានស្តាប់ពីសំឡេងច្រៀងអស្ចារ្យរបស់បក្សីណាយធីងហ្គល និងនាំវាមកច្រៀងនៅរាជវាំង។ ក្រោយមកព្រះអង្គចាប់អារម្មណ៍លើបក្សីអេឡិចត្រូនិចក្លែងក្លាយ ហើយបក្សីពិតត្រូវបានមើលរំលង។ ពេលបក្សីអេឡិចត្រូនិចខូច និងព្រះមហាក្សត្រចូលព្រោះជំងឺ បក្សីពិតបានត្រលប់មកច្រៀងជួយព្រះអង្គឲ្យជាសះស្បើយវិញ។ ព្រះមហាក្សត្រយល់ថា សិល្បៈ និងសេចក្តីស្មោះត្រង់មានតម្លៃលើសវត្ថុក្លែងក្លាយ។ |
| 520 ## - SUMMARY, ETC. | |
| Summary, etc. | The Emperor of China heard about the beautiful singing of the nightingale and brought it to the palace to sing. Later, he became fascinated by a mechanical, artificial bird, and the real nightingale was neglected. When the mechanical bird broke and the Emperor fell seriously ill, the real nightingale returned and sang to help him recover. The Emperor then realized that true art and sincerity are more valuable than artificial things. |
| 521 8# - TARGET AUDIENCE NOTE | |
| Target audience note | 560 <br/> |
| Source | Lexile estimate <br/> |
| 521 8# - TARGET AUDIENCE NOTE | |
| Target audience note | N <br/> |
| Source | Raz-Plus <br/> |
| 650 ## - SUBJECT ADDED ENTRY--TOPICAL TERM | |
| Topical term or geographic name entry element | បក្សីណាយធីងហ្គល |
| Form subdivision | រឿងនិទានកុមារ |
| 650 ## - SUBJECT ADDED ENTRY--TOPICAL TERM | |
| Topical term or geographic name entry element | The nightingale |
| Form subdivision | Children's Stories |
| 700 ## - ADDED ENTRY--PERSONAL NAME | |
| Personal name | Ra B, Tha |
| Relator term | Illustrator |
| 942 ## - ADDED ENTRY ELEMENTS (KOHA) | |
| Source of classification or shelving scheme | Dewey Decimal Classification |
| Koha item type | Khmer Books |
| Suppress in OPAC | No |
| Withdrawn status | Lost status | Source of classification or shelving scheme | Damaged status | Not for loan | Collection | Home library | Current library | Shelving location | Date acquired | Total Checkouts | Full call number | Barcode | Date last seen | Price effective from | Koha item type |
|---|---|---|---|---|---|---|---|---|---|---|---|---|---|---|---|
| Dewey Decimal Classification | Khmer Language Books / សៀវភៅភាសាខ្មែរ | Footprints International School Library Network Toul Tom Poung Campus | Footprints International School Library Network Toul Tom Poung Campus | TTP Primary Khmer Bookshelves | 12/08/2025 | AND PZ7 398.2 | 2025-5070 | 12/08/2025 | 12/08/2025 | Khmer Books |
